| 000 | 00603nam a2200205Ia 4500 | ||
|---|---|---|---|
| 005 | 20250508164328.0 | ||
| 008 | 008 250505s9999 xx 000 0 hin d | ||
| 020 | _a81-7450-749-3 | ||
| 037 | _aReference | ||
| 040 |
_aFEDL _beng _cFEDL |
||
| 041 |
_ahin _2hin |
||
| 084 |
_a150, NCE _qFEDL |
||
| 245 | 0 | _aManovigyan : Kaksha 12 ke liye pathya pustak | |
| 245 | 0 | _cNCERT (New Delhi India) | |
| 260 |
_aNew Delhi, India _bNational Council Educational Research and Training _c2007 |
||
| 300 | _av,219p | ||
| 650 | _aPsychology | ||
| 942 |
_cREF _h150, NCE |
||
| 999 |
_c1388444 _d1388444 |
||